Right to Information: (Record no. 197752)

MARC details
000 -LEADER
fixed length control field 00570nam a22001817a 4500
005 - DATE AND TIME OF LATEST TRANSACTION
control field 20230912144611.0
010 ## - LCCN (DPL NO)
LC control number ENG-137929
020 ## - INTERNATIONAL STANDARD BOOK NUMBER
International Standard Book Number 9789385212222
Terms of availability 550.00
035 ## - SYSTEM CONTROL NUMBER
System control number EN-121461
037 ## - SOURCE OF ACQUISITION
Source of stock number/acquisition DBAD/PUB
082 ## - DEWEY DECIMAL CLASSIFICATION NUMBER
Classification number 352.88095492
100 ## - MAIN ENTRY--PERSONAL NAME
Personal name Singh, Rajeev Kumar
245 ## - TITLE STATEMENT
Title Right to Information:
Statement of responsibility, etc By Rajeev Kumar Singh
Remainder of title Empowerment and Good Governance/
260 ## - PUBLICATION, DISTRIBUTION, ETC. (IMPRINT)
Place of publication, distribution, etc Delhi
Name of publisher, distributor, etc Mewar University Press
Date of publication, distribution, etc 2016
270 ## - ADDRESS
Address 4117, Naya Bazar
City Delhi
Postal code 110006
300 ## - PHYSICAL DESCRIPTION
Extent 284p.
Dimensions 24cm(pbk)
942 ## - ADDED ENTRY ELEMENTS (KOHA)
Source of classification or shelving scheme Dewey Decimal Classification
Item type English Books
Classification part 352.88095492
Call number suffix SIN
Holdings
Withdrawn status Lost status Not for loan Collection code Home library Current library Date acquired Source of acquisition Cost, normal purchase price Full call number Barcode Copy number Cost, replacement price Koha item type
      Non-fiction Central Jail Tihar Central Jail Tihar 01/09/2023 DBAD/PUB 550.00 352.88095492 SIN EN-121461 1 550.00 English Books

© Delhi Public Library
Hit Counter
free hit counter